| 000 | 01092nam a2200217Ia 4500 | ||
|---|---|---|---|
| 999 |
_c43839 _d43839 |
||
| 001 | 10587 | ||
| 003 | GE_BSU | ||
| 005 | 20190710153024.0 | ||
| 008 | 181216s1997||||ge |||||||||||||| ||geo|| | ||
| 040 | _cGE_BSU | ||
| 041 | _ageo | ||
| 080 | _a330.1(076.1) გ-19 | ||
| 245 |
_aგამოყენებითი ეკონომიკა = Junior Achievement : _bსავარჯიშოთა კრებული მასწავლებლისათვის / _c[ინგლისურიდან თარგმნა ირაკლი გაბრიაძემ ; რედ.: თენგიზ ჭიაბრიშვილი] |
||
| 264 |
_aთბილისი : _bსომა პრეს ; _c2004. |
||
| 300 |
_a220 გვ. ; _c28 სმ. |
||
| 541 | _h15ლ. | ||
| 653 | _aგამოყენებითი ეკონომიკა | ||
| 700 |
_aგაბრიაძე, ირაკლი _eმთარგმნელი _9803 |
||
| 700 |
_aჭიაბრიშვილი, თენგიზ _eრედაქტორი _9804 |
||
| 942 |
_cBK _2udc |
||